Catálogo público

Normal view MARC view

Entry Nombre personal

Number of records used in: 2

001 - NÚMERO DE CONTROL

  • campo de control: 188879

003 - IDENTIFICADOR DEL NÚMERO DE CONTROL

  • campo de control: CHAP

005 - FECHA Y HORA DE LA ÚLTIMA TRANSACCIÓN

  • campo de control: 20240311093212.0

008 - DATOS DE LONGITUD FIJA

  • campo de control de longitud fija: 240311|| acz||abbn | a|a d

040 ## - FUENTE DE LA CATALOGACIÓN

  • Centro catalogador/agencia de origen: Z
  • Centro/agencia transcriptor: CHAP

100 1# - ENCABEZAMIENTO-NOMBRE DE PERSONA

  • Nombre de persona: Castañeda Paniagua, José

375 ## - GÉNERO/SEXO

  • Género/Sexo: Masculino

670 ## - FUENTE DE DATOS ENCONTRADOS

  • Cita de la fuente: Castañeda Paniagua, José. Historia de la medicina veterinaria y de la zootecnia, 2005